[Event "Kuala Lumpur UM KPT op"]
[Site "Kuala Lumpur"]
[Date "2016.12.18"]
[Round "9"]
[White "Ding, Zhen Man"]
[Black "Oh, Ke Han"]
[Result "0-1"]
[WhiteElo "1193"]
[BlackElo "1221"]
[PlyCount "107"]
[EventDate "2016.12.16"]
[EventType "swiss"]
[EventRounds "9"]
[EventCountry "MAS"]
[SourceTitle "CBM 176 Extra"]
[Source "ChessBase"]
[SourceDate "2017.03.02"]
[SourceVersion "1"]
[SourceVersionDate "2017.03.02"]
[SourceQuality "1"]

1. d4 Nf6 2. c4 g6 3. Bg5 Bg7 4. Nc3 d6 5. Nf3 0-0 6. e3 Nbd7 7. Bd3 c5 8. 0-0 a5 9. Qc2 h6 10. Bh4 b6 11. b3 Qc7 12. Rad1 Bb7 13. Be4 Bxe4 14. Nxe4 Rab8 15. a4 e6 16. Rfe1 Qc6 17. Nxf6+ Nxf6 18. Qc3 Ne4 19. Qc2 d5 20. cxd5 exd5 21. Nd2 Rfe8 22. Nxe4 Rxe4 23. Bg3 Rbe8 24. Rc1 Kh7 25. dxc5 d4 26. f3 Rxe3 27. Rxe3 dxe3 28. cxb6 Qxb6 29. Qc5 Bd4 30. Qxb6 Bxb6 31. Re1 Bd4 32. Kf1 f5 33. Ke2 Bb6 34. Rc1 Re7 35. Rc6 Bd8 36. Be1 f4 37. Rc5 Rb7 38. Rc4 g5 39. b4 axb4 40. Rxb4 Rd7 41. Rb2 Ra7 42. Rb4 Be7 43. Re4 Bd8 44. g3 Bc7 45. Re7+ Kg6 46. gxf4 gxf4 47. Re6+ Kf5 48. Rxh6 Rxa4 49. Rh5+ Kg6 50. Re5 Ra2+ 51. Kf1 e2+ 52. Kg2 Ra1 53. Re7 Rxe1 54. Rxc7 0-1